Návrh informačného systému pre podporu procesu testovania

Na minha lista:
Detalhes bibliográficos
Autor principal: Berner, Dávid, 1988- (Author)
Outros Autores: Tanuška, Pavol, 1966- (Thesis advisor)
Formato: Manuscrito Livro
Idioma:eslovaco
Publicado em: Trnava : STU v Bratislave MTF UIAM, 2013
Assuntos:
Acesso em linha:VAIS
Tags: Adicionar Tag
Sem tags, seja o primeiro a adicionar uma tag!

MARC

LEADER 00000ntm a22000003a 4500
001 stu269284
005 20150617230233.0
008 130627s2013----xo------------------slo-d
040 |a STU  |b slo 
041 0 |a slo 
044 |a xo 
100 1 |a Berner, Dávid,  |d 1988-  |4 aut  |u M  |T MTF Materiálovotechnologická fakulta  |X 9759  |U M  |Y 60  |7 A000009759 
242 0 0 |a Design of an information system to support a testing process  |y eng 
245 1 |a Návrh informačného systému pre podporu procesu testovania 
260 |a Trnava :  |b STU v Bratislave MTF UIAM,  |c 2013 
650 7 |a testing  |2 estusub 
650 7 |a information system  |2 estusub 
650 7 |a testovanie  |2 stusub 
650 7 |a UML  |2 stusub 
650 7 |a informačný systém  |2 stusub 
650 7 |a BPMN  |2 stusub 
700 1 |a Tanuška, Pavol,  |d 1966-  |4 ths  |u M6000  |U MTF Materiálovotechnologická fakulta  |T MTF Ústav aplikovanej informatiky, automatizácie a matematiky  |X 248  |U M6000  |Y 86  |7 A000000248 
856 4 |a info a plný text  |u http://is.stuba.sk/zp/portal_zp.pl?podrobnosti=103372  |3 VAIS 
996 |c M*DP-11534  |l MMSKP  |s P  |a 0  |w stu269284_0001